[Event "SVK-chT2D 0506"]
[Site "Slovakia"]
[Date "2005.12.18"]
[Round "6.8"]
[White "Hrivniak, Milan"]
[Black "Fecko, Juraj"]
[Result "0-1"]
[WhiteElo "1676"]
[BlackElo "1852"]
[PlyCount "38"]
[EventDate "2005.10.22"]
[EventType "team-tourn"]
[EventRounds "11"]
[EventCountry "SVK"]
[SourceTitle "EXT 2009"]
[Source "ChessBase"]
[SourceDate "2008.11.26"]
[SourceVersion "1"]
[SourceVersionDate "2008.11.26"]
[SourceQuality "1"]

1. d4 Nf6 2. c4 c5 3. d5 b5 4. cxb5 a6 5. Nc3 axb5 6. Nxb5 d6 7. Nc3 g6 8. e4 Bg7 9. Bc4 0-0 10. Nf3 Nbd7 11. 0-0 Nb6 12. Bb5 Ne8 13. Re1 Bd7 14. Bxd7 Nxd7 15. Bf4 Ne5 16. Nxe5 dxe5 17. Be3 Qa5 18. Qc2 Nd6 19. Nb1 Qxe1# 0-1

[Event "SVK-chT2D 0506"]
[Site "Slovakia"]
[Date "2005.11.27"]
[Round "4.8"]
[White "Hrivniak, Milan"]
[Black "Krivos Bellus, Jan"]
[Result "1/2-1/2"]
[WhiteElo "1676"]
[BlackElo "1884"]
[PlyCount "99"]
[EventDate "2005.10.22"]
[EventType "team-tourn"]
[EventRounds "11"]
[EventCountry "SVK"]
[SourceTitle "EXT 2009"]
[Source "ChessBase"]
[SourceDate "2008.11.26"]
[SourceVersion "1"]
[SourceVersionDate "2008.11.26"]
[SourceQuality "1"]

1. d4 f5 2. c4 Nf6 3. Nc3 e6 4. Bg5 Be7 5. e3 0-0 6. Nf3 d6 7. Bd3 c6 8. 0-0 Qc7 9. Qb3 e5 10. c5+ Kh8 11. cxd6 Bxd6 12. dxe5 Bxe5 13. Nxe5 Qxe5 14. Qb4 Nbd7 15. Rad1 Qc5 16. Qxc5 Nxc5 17. Bc2 Be6 18. Rd6 Ne8 19. Rd8 Rxd8 20. Bxd8 Rf7 21. Rd1 Rd7 22. Rxd7 Nxd7 23. a3 Kg8 24. Ne2 g6 25. Nf4 Bf7 26. h3 Nef6 27. Bxf6 Nxf6 28. Nd3 Nd7 29. g4 fxg4 30. hxg4 Kf8 31. g5 Ke7 32. f4 Be6 33. Kf2 Kd6 34. e4 c5 35. Ke3 b5 36. Nf2 Nb6 37. e5+ Ke7 38. b3 Nd5+ 39. Kf3 Bf5 40. Bd3 Nc3 41. Ke3 Nd5+ 42. Kf3 Bxd3 43. Nxd3 c4 44. bxc4 bxc4 45. Nc1 a5 46. Ne2 Kd7 47. Ke4 Kc6 48. Nd4+ Kc5 49. Ne6+ Kc6 50. Nd4+ 1/2-1/2